[Event "Wch U12"]
[Site "Kemer"]
[Date "2009.11.14"]
[Round "3"]
[White "Girish, A Koushnik"]
[Black "Krishnan, Varun"]
[Result "1-0"]
[WhiteElo "2246"]
[BlackElo "2042"]
[PlyCount "79"]
[EventDate "2009.11.12"]
[EventType "swiss"]
[EventRounds "11"]
[EventCountry "TUR"]
[SourceTitle "EXT 2010"]
[Source "ChessBase"]
[SourceDate "2010.11.25"]
[SourceVersion "1"]
[SourceVersionDate "2010.11.25"]
[SourceQuality "1"]

1. d4 d5 2. Nf3 c5 3. c4 e6 4. cxd5 exd5 5. g3 Nc6 6. Bg2 Nf6 7. O-O Be7 8. Nc3
O-O 9. Bg5 cxd4 10. Nxd4 h6 11. Be3 Re8 12. Rc1 Bg4 13. h3 Be6 14. Nxc6 bxc6
15. Na4 Qd7 16. Kh2 Rab8 17. a3 Qb7 18. b4 a5 19. bxa5 Bxa3 20. Ra1 Bb4 21. Nc5
Bxc5 22. Bxc5 Qa6 23. Qd3 Bc8 24. Rfe1 Rb2 25. Bf3 Ne4 26. Bd4 Rd2 27. Bxe4
Rxd3 28. Bxd3 Qa8 29. a6 c5 30. Bxc5 Bxh3 31. Bd4 Bd7 32. a7 Bc6 33. Be3 g6 34.
Rab1 Bb7 35. Rec1 Bc6 36. Rxc6 Rd8 37. Rcb6 Qxa7 38. Rxg6+ fxg6 39. Bxa7 d4 40.
Rb4 1-0

[Event "Wch U12"]
[Site "Kemer"]
[Date "2009.11.15"]
[Round "4"]
[White "Duda, Jan Krzysztof"]
[Black "Girish, A Koushnik"]
[Result "1-0"]
[WhiteElo "2079"]
[BlackElo "2246"]
[PlyCount "103"]
[EventDate "2009.11.12"]
[EventType "swiss"]
[EventRounds "11"]
[EventCountry "TUR"]
[SourceTitle "EXT 2010"]
[Source "ChessBase"]
[SourceDate "2010.11.25"]
[SourceVersion "1"]
[SourceVersionDate "2010.11.25"]
[SourceQuality "1"]

1. e4 c5 2. Nf3 a6 3. Nc3 e6 4. d4 cxd4 5. Nxd4 Qc7 6. Bd3 Nf6 7. O-O Be7 8.
Kh1 d6 9. f4 Nbd7 10. a4 b6 11. Bd2 Bb7 12. Qe2 h5 13. Qf3 h4 14. Qh3 Nh5 15.
Rf2 Bf6 16. Nde2 O-O-O 17. Kg1 Kb8 18. Nd1 Nc5 19. Qe3 e5 20. fxe5 Bxe5 21.
Ndc3 h3 22. g3 Nf6 23. Qf3 Qc6 24. Bg5 Nfxe4 25. Nxe4 f6 26. Nxc5 Qxc5 27. Be3
Bxf3 28. Bxc5 Bxe2 29. Bxb6 Bg4 30. Bxd8 Rxd8 31. c3 Bc8 32. Bf5 Bxf5 33. Rxf5
g6 34. Rf2 Rc8 35. Kf1 f5 36. Ke2 Kc7 37. Kd3 Kc6 38. Rg1 Kd5 39. g4 f4 40. Rf3
Rh8 41. b4 Rh4 42. c4+ Kc6 43. b5+ axb5 44. cxb5+ Kb6 45. Kc4 Ka5 46. Kd5 Rh8
47. Rb1 Rb8 48. Rxh3 g5 49. Rh5 Kxa4 50. b6 Ka5 51. b7 Ka6 52. Rh3 1-0

[Event "Wch U12"]
[Site "Kemer"]
[Date "2009.11.16"]
[Round "5"]
[White "Girish, A Koushnik"]
[Black "Paravyan, David"]
[Result "1/2-1/2"]
[WhiteElo "2246"]
[BlackElo "2021"]
[PlyCount "44"]
[EventDate "2009.11.12"]
[EventType "swiss"]
[EventRounds "11"]
[EventCountry "TUR"]
[SourceTitle "EXT 2010"]
[Source "ChessBase"]
[SourceDate "2010.11.25"]
[SourceVersion "1"]
[SourceVersionDate "2010.11.25"]
[SourceQuality "1"]

1. d4 d5 2. Nf3 c6 3. c4 e6 4. Nbd2 Nf6 5. e3 Nbd7 6. Bd3 Bd6 7. O-O O-O 8. e4
dxe4 9. Nxe4 Nxe4 10. Bxe4 Nf6 11. Bc2 Qc7 12. Bg5 h6 13. Bh4 Ng4 14. h3 Nh2
15. c5 Nxf3+ 16. Qxf3 Be7 17. Qg3 Qd8 18. Rad1 Qd5 19. Qe3 g6 20. Qe5 Qxa2 21.
Ra1 Qd5 22. Qg3 Kh7 1/2-1/2

[Event "Wch U12"]
[Site "Kemer"]
[Date "2009.11.16"]
[Round "6"]
[White "Ali Marandi, Cemil Can"]
[Black "Girish, A Koushnik"]
[Result "1-0"]
[WhiteElo "2003"]
[BlackElo "2246"]
[PlyCount "159"]
[EventDate "2009.11.12"]
[EventType "swiss"]
[EventRounds "11"]
[EventCountry "TUR"]
[SourceTitle "EXT 2010"]
[Source "ChessBase"]
[SourceDate "2010.11.25"]
[SourceVersion "1"]
[SourceVersionDate "2010.11.25"]
[SourceQuality "1"]

1. e4 e5 2. Nf3 Nc6 3. Bb5 a6 4. Ba4 Nf6 5. O-O Be7 6. Re1 b5 7. Bb3 O-O 8. c3
d5 9. d4 Nxe4 10. dxe5 Be6 11. Nbd2 Nc5 12. Nd4 Nxd4 13. cxd4 Nd3 14. Rf1 c5
15. Nf3 Nxc1 16. Rxc1 Rc8 17. dxc5 Bxc5 18. Qd3 g6 19. Rcd1 Rc7 20. Qd2 Kg7 21.
Nd4 Rd7 22. Kh1 Qb6 23. Qf4 Be7 24. Rc1 Rc7 25. Rcd1 a5 26. h4 a4 27. Bc2 Rc4
28. h5 Rfc8 29. h6+ Kg8 30. Bb1 Bf8 31. Kg1 Qc5 32. Qd2 Qb4 33. Qd3 Qxb2 34.
Nxe6 fxe6 35. Qh3 Re8 36. Bd3 Rc3 37. Qg4 Rxd3 38. Rxd3 Qxe5 39. Re3 Qf5 40.
Qe2 Bxh6 41. Qxb5 Rf8 42. Rf3 Qe4 43. Rxf8+ Bxf8 44. Qa5 a3 45. Re1 Qf5 46. Qc7
d4 47. Qc4 d3 48. Rxe6 Kg7 49. Qc3+ Kg8 50. Re3 Bc5 51. Rf3 Qd5 52. Qd2 Qe5 53.
Qxd3 Qa1+ 54. Kh2 Qe5+ 55. g3 Kg7 56. Qc3 Qxc3 57. Rxc3 Bd6 58. Kg2 h5 59. Kf3
Kf6 60. Ke4 Bb4 61. Rc6+ Kf7 62. f4 Be1 63. Ra6 Bb4 64. f5 g5 65. Rh6 h4 66.
gxh4 gxh4 67. Rxh4 Bc3 68. Rh7+ Kf6 69. Rh6+ Kg7 70. Ra6 Bb2 71. Kd5 Kf7 72.
Kc4 Ke7 73. Kb3 Kf7 74. Rxa3 Bxa3 75. Kxa3 Kf6 76. Kb4 Kxf5 77. Kc5 Ke6 78. Kc6
Ke7 79. a4 Kd8 80. Kb7 1-0

[Event "Wch U12"]
[Site "Kemer"]
[Date "2009.11.18"]
[Round "7"]
[White "Girish, A Koushnik"]
[Black "Huber, Martin Christian"]
[Result "1-0"]
[WhiteElo "2246"]
[BlackElo "1935"]
[PlyCount "75"]
[EventDate "2009.11.12"]
[EventType "swiss"]
[EventRounds "11"]
[EventCountry "TUR"]
[SourceTitle "EXT 2010"]
[Source "ChessBase"]
[SourceDate "2010.11.25"]
[SourceVersion "1"]
[SourceVersionDate "2010.11.25"]
[SourceQuality "1"]

1. d4 d5 2. Nf3 Nf6 3. c4 e6 4. Nc3 c6 5. e3 Nbd7 6. Qc2 Bd6 7. Be2 O-O 8. O-O
b6 9. b3 Bb7 10. Bb2 Qe7 11. Rad1 Rad8 12. Rfe1 Rfe8 13. Bd3 e5 14. cxd5 cxd5
15. dxe5 Nxe5 16. Nd4 Nxd3 17. Qxd3 Qe5 18. f4 Qh5 19. Qf5 Qxf5 20. Nxf5 Bf8
21. Nb5 Bb4 22. Rf1 Ng4 23. Nxg7 Rxe3 24. Nf5 Ba6 25. Rf3 Re2 26. Bc3 Bc5+ 27.
Nbd4 Kf8 28. h3 Nf6 29. b4 Bxd4+ 30. Nxd4 Rxa2 31. b5 Bb7 32. Nc6 Bxc6 33. Bxf6
Rd6 34. Be5 Rg6 35. bxc6 Rgxg2+ 36. Kf1 Rh2 37. Rg3 Rh1+ 38. Rg1 1-0

[Event "Wch U12"]
[Site "Kemer"]
[Date "2009.11.19"]
[Round "8"]
[White "Vavulin, Maksim"]
[Black "Girish, A Koushnik"]
[Result "1/2-1/2"]
[WhiteElo "2002"]
[BlackElo "2246"]
[PlyCount "125"]
[EventDate "2009.11.12"]
[EventType "swiss"]
[EventRounds "11"]
[EventCountry "TUR"]
[SourceTitle "EXT 2010"]
[Source "ChessBase"]
[SourceDate "2010.11.25"]
[SourceVersion "1"]
[SourceVersionDate "2010.11.25"]
[SourceQuality "1"]

1. e4 e5 2. Nf3 Nc6 3. Bb5 a6 4. Ba4 Nf6 5. O-O Be7 6. Re1 b5 7. Bb3 O-O 8. a4
b4 9. d4 d6 10. h3 Bb7 11. c3 bxc3 12. Nxc3 exd4 13. Nxd4 Nxd4 14. Qxd4 Nd7 15.
Nd5 Bxd5 16. Qxd5 Bf6 17. Rb1 Rb8 18. Bc2 Rb4 19. Qa5 Qb8 20. Qf5 Rd8 21. b3 g6
22. Qf3 Bg7 23. Bd2 Rb6 24. b4 Ne5 25. Qe2 Qa8 26. a5 Rbb8 27. Bb3 Qa7 28. Be3
Qb7 29. Bd5 c6 30. Ba2 Qb5 31. f4 Qxe2 32. Rxe2 Nd7 33. Rc2 c5 34. bxc5 Rxb1+
35. Bxb1 Nxc5 36. e5 Ne6 37. Bb6 Rd7 38. Rd2 d5 39. g3 Bf8 40. Ba2 d4 41. Bc4
Bb4 42. Rd1 Kg7 43. Rb1 d3 44. Kf1 d2 45. Ke2 Nc5 46. Bxc5 Bxc5 47. Bxa6 Bb4
48. Bb5 Rd4 49. Ba4 Bxa5 50. Bd1 Re4+ 51. Kd3 Re1 52. Kc2 Re3 53. Rb3 Rxb3 54.
Kxb3 Bb6 55. Kc2 Bf2 56. Kxd2 Bxg3 57. Ke3 h5 58. Bb3 Kf8 59. Ke4 h4 60. f5 g5
61. Bd1 f6 62. e6 Ke7 63. Kd5 1/2-1/2

[Event "Wch U12"]
[Site "Kemer"]
[Date "2009.11.20"]
[Round "9"]
[White "Girish, A Koushnik"]
[Black "Xu, Xianliang"]
[Result "1-0"]
[WhiteElo "2246"]
[BlackElo "1968"]
[PlyCount "139"]
[EventDate "2009.11.12"]
[EventType "swiss"]
[EventRounds "11"]
[EventCountry "TUR"]
[SourceTitle "EXT 2010"]
[Source "ChessBase"]
[SourceDate "2010.11.25"]
[SourceVersion "1"]
[SourceVersionDate "2010.11.25"]
[SourceQuality "1"]

1. d4 d5 2. Nf3 Nf6 3. c4 e6 4. Nc3 c6 5. e3 Nbd7 6. Qc2 Bd6 7. Be2 O-O 8. O-O
Qe7 9. e4 dxc4 10. e5 Bc7 11. exf6 Nxf6 12. Bxc4 Bd7 13. Bg5 h6 14. Bh4 Qb4 15.
Bb3 Bd8 16. Rad1 Rc8 17. Bxf6 Bxf6 18. Ne4 Be7 19. Nc5 Be8 20. Qc4 Qxc4 21.
Bxc4 b6 22. Ne4 Rd8 23. Ne5 g5 24. Rfe1 Kg7 25. Ng3 Bd6 26. Nh5+ Kh8 27. Nf6
Kg7 28. Nxe8+ Rfxe8 29. Nxc6 Rc8 30. d5 exd5 31. Bxd5 Bc5 32. b4 Bd6 33. b5 Kf6
34. g3 Rxe1+ 35. Rxe1 Rc7 36. Bb3 Bc5 37. Rd1 Kf5 38. Kg2 f6 39. f3 Kg6 40. Be6
Rh7 41. g4 Rc7 42. Rd7 Rxd7 43. Bxd7 Kf7 44. Kf1 Bd6 45. h3 Bf4 46. Ke2 Bd6 47.
Kd3 Bc5 48. Ke4 Bd6 49. Kd5 Bf4 50. Bf5 Be3 51. Nxa7 Ke7 52. Nc6+ Kf7 53. a4
Bd2 54. a5 bxa5 55. b6 Bf4 56. Nxa5 Kg7 57. Nc6 Bg3 58. b7 Kf7 59. b8=Q Bxb8
60. Nxb8 Ke7 61. Nc6+ Kf7 62. Kd6 Kg7 63. Ke7 Kh8 64. Kxf6 h5 65. gxh5 g4 66.
hxg4 Kg8 67. h6 Kh8 68. Ne5 Kg8 69. h7+ Kh8 70. Nf7# 1-0

[Event "Wch U12"]
[Site "Kemer"]
[Date "2009.11.21"]
[Round "10"]
[White "Popov, Andrey V"]
[Black "Girish, A Koushnik"]
[Result "0-1"]
[WhiteElo "2054"]
[BlackElo "2246"]
[PlyCount "72"]
[EventDate "2009.11.12"]
[EventType "swiss"]
[EventRounds "11"]
[EventCountry "TUR"]
[SourceTitle "EXT 2010"]
[Source "ChessBase"]
[SourceDate "2010.11.25"]
[SourceVersion "1"]
[SourceVersionDate "2010.11.25"]
[SourceQuality "1"]

1. c4 e5 2. Nc3 Nc6 3. g3 Nf6 4. Bg2 Bc5 5. e3 d5 6. cxd5 Nb4 7. d3 Nbxd5 8. a3
O-O 9. Nge2 c6 10. O-O Bb6 11. Qc2 Be6 12. Rd1 Re8 13. Na4 Rc8 14. b4 Bg4 15.
Bb2 Bh5 16. Nc5 Bxc5 17. bxc5 Nd7 18. Rdc1 Nxc5 19. g4 Bxg4 20. e4 Nf6 21. f3
Nxd3 22. fxg4 Nxg4 23. Rd1 Qb6+ 24. Bd4 exd4 25. Qxd3 c5 26. Rab1 Qc7 27. Ng3
Ne3 28. Rdc1 Rcd8 29. Qb5 b6 30. Re1 Nc2 31. Nf5 Nxe1 32. Rxe1 d3 33. Rd1 c4
34. Ne3 c3 35. Rxd3 c2 36. Nxc2 Qxc2 0-1

[Event "Wch U12"]
[Site "Kemer"]
[Date "2009.11.22"]
[Round "11"]
[White "Girish, A Koushnik"]
[Black "Shen, Arthur"]
[Result "1-0"]
[WhiteElo "2246"]
[BlackElo "2057"]
[PlyCount "57"]
[EventDate "2009.11.12"]
[EventType "swiss"]
[EventRounds "11"]
[EventCountry "TUR"]
[SourceTitle "EXT 2010"]
[Source "ChessBase"]
[SourceDate "2010.11.25"]
[SourceVersion "1"]
[SourceVersionDate "2010.11.25"]
[SourceQuality "1"]

1. d4 d5 2. Nf3 c6 3. c4 e6 4. Nbd2 Nf6 5. e3 Nbd7 6. Bd3 Bd6 7. O-O O-O 8. e4
e5 9. cxd5 cxd5 10. exd5 exd4 11. Ne4 Nxe4 12. Bxe4 Nc5 13. Qxd4 Nxe4 14. Qxe4
Qf6 15. Be3 Bf5 16. Qd4 Qxd4 17. Nxd4 Be4 18. Rad1 Be5 19. Nb5 Rfd8 20. d6 b6
21. Rfe1 Bxb2 22. Bg5 f6 23. Rxe4 fxg5 24. Nc7 Rab8 25. d7 Kf7 26. Ne6 Bf6 27.
Nxd8+ Rxd8 28. Rc4 Ke7 29. Rc7 1-0

[Event "Haye Kramer Zeskamp"]
[Site "Leeuwarden"]
[Date "2009.11.14"]
[Round "2"]
[White "Giri, Anish"]
[Black "Brandenburg, Daan"]
[Result "1-0"]
[WhiteElo "2585"]
[BlackElo "2481"]
[PlyCount "105"]
[EventDate "2009.11.13"]
[EventType "tourn"]
[EventRounds "5"]
[EventCountry "NED"]
[EventCategory "10"]
[SourceTitle "EXT 2010"]
[Source "ChessBase"]
[SourceDate "2010.11.25"]
[SourceVersion "1"]
[SourceVersionDate "2010.11.25"]
[SourceQuality "1"]

1. e4 e6 2. d4 d5 3. Nd2 Nf6 4. e5 Nfd7 5. Bd3 c5 6. c3 Nc6 7. Ne2 cxd4 8. cxd4
f6 9. exf6 Nxf6 10. Nf3 Bd6 11. O-O Qc7 12. Bg5 O-O 13. Bh4 Nh5 14. Qc2 h6 15.
Bh7+ Kh8 16. Bg6 Rxf3 17. Bxh5 Bxh2+ 18. Kh1 Rf5 19. Bg6 Bd6 20. Bxf5 exf5 21.
Rae1 Qf7 22. Bg3 Bb4 23. Rc1 Bd7 24. a3 Bf8 25. Rfe1 Re8 26. Qd2 Be7 27. Be5
Bg5 28. Nf4 Nd8 29. g3 Ne6 30. Kg2 Bc6 31. Rc3 Bxf4 32. gxf4 Nf8 33. Rg3 Ng6
34. Kg1 Kh7 35. Ree3 Re6 36. Rg2 Nxe5 37. Rxe5 Rxe5 38. fxe5 f4 39. Qc2+ g6 40.
f3 h5 41. Qc5 Kg7 42. Qd6 Bd7 43. Qc7 Bc6 44. Qd8 Bd7 45. Re2 Qf5 46. Qe7+ Qf7
47. Qg5 Qf5 48. Qe7+ Qf7 49. Qd6 Be6 50. Kf2 Qf5 51. Qe7+ Kh6 52. Qf6 Qg5 53.
Qh8# 1-0

[Event "Haye Kramer Zeskamp"]
[Site "Leeuwarden"]
[Date "2009.11.15"]
[Round "5"]
[White "Giri, Anish"]
[Black "Werle, Jan"]
[Result "1/2-1/2"]
[WhiteElo "2585"]
[BlackElo "2565"]
[PlyCount "44"]
[EventDate "2009.11.13"]
[EventType "tourn"]
[EventRounds "5"]
[EventCountry "NED"]
[EventCategory "10"]
[SourceTitle "EXT 2010"]
[Source "ChessBase"]
[SourceDate "2010.11.25"]
[SourceVersion "1"]
[SourceVersionDate "2010.11.25"]
[SourceQuality "1"]

1. Nf3 Nf6 2. c4 b6 3. g3 Bb7 4. Bg2 e6 5. d4 Be7 6. O-O O-O 7. Re1 a5 8. Bf4
h6 9. Nc3 Ne4 10. Nb5 Na6 11. Nd2 d5 12. cxd5 exd5 13. Nxe4 dxe4 14. Rc1 Bg5
15. Bxg5 hxg5 16. d5 Qxd5 17. Nxc7 Nxc7 18. Rxc7 Rfd8 19. Qxd5 Bxd5 20. a3 Rac8
21. Rec1 Rxc7 22. Rxc7 e3 1/2-1/2

[Event "FRA-chT Top 16 Gp Haute"]
[Site "Guingamp"]
[Date "2010.06.03"]
[Round "8.1"]
[White "Bauer, Christian"]
[Black "Giri, Anish"]
[Result "1/2-1/2"]
[WhiteElo "2607"]
[BlackElo "2642"]
[PlyCount "54"]
[EventDate "2010.06.03"]
[EventType "team-tourn"]
[EventRounds "11"]
[EventCountry "FRA"]
[SourceTitle "EXT 2011"]
[Source "ChessBase"]
[SourceDate "2010.11.26"]
[SourceVersion "1"]
[SourceVersionDate "2010.11.26"]
[SourceQuality "1"]
[WhiteTeam "Vandoeuvre"]
[BlackTeam "Chalons en Champagne"]
[WhiteTeamCountry "FRA"]
[BlackTeamCountry "FRA"]

1. e4 e5 2. Nf3 Nf6 3. d4 (3. Nxe5 {la grande ligne} d6 4. Nf3 Nxe4 5. d4 (5.
d3 Nf6 (5... Be7 {Une gaffe célèbre et le deuxième volume de l'échiquier
français raconte qu'Alapin notait machinalement sans regarder l'échiquier et
en pensant que 5.d4 avait été joué,il a répondu Be7 machinalement!} 6. dxe4 {
Tarrasch,S-Alapin,S DSB-06.Kongress 1889 (14) 1-0}))) 3... Nxe4 4. dxe5 (4. Bd3
{la grande ligne}) 4... d5 5. Nbd2 (5. Bd3 Nc5 6. O-O Be7 7. Be2 O-O 8. Be3 Nc6
{Shirov,A (2726)-Gelfand,B (2719) EU-Cup 24th Kallithea 2008 (4) 1/2}) 5... Nc5
$5 {Empêche Bd3 et il est difficile pour les blancs de profiter des pertes de
temps du N} (5... Nxd2) 6. Nb3 ({RR} 6. Be2 Be7 7. O-O O-O 8. Nb3 Nxb3 9. axb3
c5 10. c3 Nc6 11. Bf4 Bf5 12. Bd3 Qd7 13. Re1 Rad8 14. h3 h6 15. Bg3 Bxd3 16.
Qxd3 Qe6 17. Rad1 d4 18. Qb5 dxc3 19. bxc3 Rxd1 20. Rxd1 b6 {Negi,P (2621)
-Giri,A (2588)/Wijk aan Zee 2010/Mega2010 Update 07/1/2-1/2}) 6... Ne6 7. h4 $5
$146 ({RR} 7. Nbd4 Nxd4 8. Nxd4 Be7 9. Bd3 ({RR} 9. Bf4 c5 10. Nf3 Nc6 11. c3
Be6 12. Bd3 h6 13. h3 Qd7 14. Qd2 O-O-O 15. O-O-O d4 16. c4 {1/2-1/2 Gashimov,
V (2758)-Li,C (2596)/Khanty Mansiysk 2009/CBM 134}) 9... c5 10. Nf5 O-O 11.
Nxg7 Kxg7 12. Qh5 Rh8 13. Bh6+ Kg8 14. e6 fxe6 15. Qg4+ Kf7 16. Qg7+ {1-0
Gashimov,V (2740)-Gelfand,B (2756)/Lugo 2009/CBM 133}) ({RR} 7. c4 dxc4 8. Bxc4
Qxd1+ 9. Kxd1 Nd7 10. Bxe6 fxe6 11. Nbd4 Nb6 12. Ng5 Ke7 13. b3 Nd5 14. Ba3+
Ke8 15. Bb2 Ke7 16. Ba3+ Ke8 17. Bb2 Ke7 {1/2-1/2 Vachier Lagrave,M (2718)
-Gelfand,B (2758)/Khanty Mansiysk 2009/CBM 134}) 7... c5 8. c4 dxc4 {Transpose
dans une finale agréable а jouer pour les blancs} (8... d4 {[%csl Gd4]} 9. Bd3
Be7 10. h5 $14 h6) 9. Qxd8+ Nxd8 10. Nbd2 (10. Bxc4 $142 {Plus naturel} Nbc6
11. Be3 $16 {[%cal Ge3c5,Gb3c5]}) 10... Nbc6 11. Nxc4 {[%csl Gd6]} Ne6 12. Bd2
(12. Bd3 Be7) 12... Ned4 13. Nxd4 Nxd4 14. Rc1 (14. O-O-O $142) 14... Be6 15.
Bd3 O-O-O 16. Nd6+ Bxd6 17. exd6 Rxd6 18. Rxc5+ Nc6 19. Be2 Bxa2 20. Rh3 Rhd8 (
20... b6) 21. Bf4 Rd4 22. Be5 Re4 23. Bxg7 Rg8 24. Bc3 Rxg2 25. Kf1 Rg8 26. Bd3
Re6 27. Rg3 Rxg3 1/2-1/2

[Event "IND-ch U15"]
[Site "New Delhi"]
[Date "2010.09.04"]
[Round "1"]
[White "Girish, A Koushnik"]
[Black "Anshuman, Srivas"]
[Result "1-0"]
[WhiteElo "2342"]
[BlackElo "1675"]
[PlyCount "61"]
[EventDate "2010.09.04"]
[EventType "swiss"]
[EventRounds "11"]
[EventCountry "IND"]
[SourceTitle "CBM 138 Extra"]
[Source "ChessBase"]
[SourceDate "2010.10.29"]
[SourceVersion "1"]
[SourceVersionDate "2010.10.29"]
[SourceQuality "1"]

1. d4 Nf6 2. Nf3 g6 3. c4 d5 4. cxd5 Nxd5 5. e4 Nb6 6. Nc3 Bg7 7. Bb5+ c6 8.
Be2 O-O 9. O-O Bg4 10. Be3 N8d7 11. Qb3 Nf6 12. Rfd1 Be6 13. Qc2 Qc7 14. Rac1
Rac8 15. h3 Rfd8 16. a4 Qb8 17. Ng5 Bc4 18. a5 Bxe2 19. Nxe2 Nbd7 20. e5 Nd5
21. e6 fxe6 22. Nxe6 Re8 23. Bf4 Nxf4 24. N2xf4 Qd6 25. Qb3 Kh8 26. Rc3 g5 27.
Nxg5 Qxf4 28. Nf7+ Kg8 29. Rf3 Qxf3 30. gxf3 e6 31. Nd6 1-0

[Event "IND-ch U15"]
[Site "New Delhi"]
[Date "2010.09.05"]
[Round "2"]
[White "Kathirvel, M."]
[Black "Girish, A Koushnik"]
[Result "0-1"]
[WhiteElo "1860"]
[BlackElo "2342"]
[PlyCount "104"]
[EventDate "2010.09.04"]
[EventType "swiss"]
[EventRounds "11"]
[EventCountry "IND"]
[SourceTitle "CBM 138 Extra"]
[Source "ChessBase"]
[SourceDate "2010.10.29"]
[SourceVersion "1"]
[SourceVersionDate "2010.10.29"]
[SourceQuality "1"]

1. d4 Nf6 2. c4 c6 3. Nc3 d5 4. cxd5 cxd5 5. Qb3 Nc6 6. Nf3 e6 7. Bg5 Be7 8. e3
O-O 9. Bd3 h6 10. Bh4 a6 11. O-O b5 12. Rac1 Bb7 13. Qd1 Rc8 14. Qe2 Re8 15.
Ne5 Nxe5 16. dxe5 Nd7 17. Bxe7 Qxe7 18. f4 Nc5 19. Bb1 b4 20. Nd1 a5 21. Qg4
Ba6 22. Rf2 Ne4 23. Rxc8 Rxc8 24. Bxe4 dxe4 25. Rd2 Rc1 26. h3 Bd3 27. Kh2 Qc5
28. Qh4 Rc2 29. Qf2 a4 30. b3 a3 31. Qe1 Kh7 32. Nf2 Qc3 33. Nxd3 Rxd2 34. Nc5
Rxg2+ 35. Kxg2 Qxe1 36. Nxe4 Qxe3 37. Nd6 Qxf4 38. Nc4 Qxc4 39. Kg3 Qxb3+ 40.
axb3 a2 41. h4 a1=Q 42. h5 Qxe5+ 43. Kh3 Qxh5+ 44. Kg3 e5 45. Kf2 Qh3 46. Ke2
e4 47. Kf2 Qxb3 48. Ke2 Qd3+ 49. Ke1 Qc2 50. Kf1 b3 51. Ke1 b2 52. Kf1 b1=R#
0-1

[Event "IND-ch U15"]
[Site "New Delhi"]
[Date "2010.09.05"]
[Round "3"]
[White "Girish, A Koushnik"]
[Black "Sunilduth Lyna, Narayanan"]
[Result "1-0"]
[WhiteElo "2342"]
[BlackElo "1997"]
[PlyCount "131"]
[EventDate "2010.09.04"]
[EventType "swiss"]
[EventRounds "11"]
[EventCountry "IND"]
[SourceTitle "CBM 138 Extra"]
[Source "ChessBase"]
[SourceDate "2010.10.29"]
[SourceVersion "1"]
[SourceVersionDate "2010.10.29"]
[SourceQuality "1"]

1. d4 g6 2. Nf3 Bg7 3. c4 d6 4. Nc3 Nd7 5. e4 e5 6. Be2 exd4 7. Nxd4 Ngf6 8.
O-O O-O 9. Be3 Re8 10. f3 Nc5 11. Qd2 Ne6 12. Rad1 Nxd4 13. Bxd4 Be6 14. b3 c6
15. Bf2 Nh5 16. Bd4 Bxd4+ 17. Qxd4 Qg5 18. Qd2 Nf4 19. g3 Nxe2+ 20. Nxe2 Qc5+
21. Qd4 Qa5 22. Rd2 a6 23. Rfd1 Rad8 24. Nf4 b5 25. cxb5 axb5 26. h4 b4 27. h5
Qg5 28. Kg2 d5 29. hxg6 fxg6 30. Qxb4 h5 31. Qc5 h4 32. Qf2 Bc8 33. exd5 Rf8
34. Rd4 cxd5 35. Rxd5 Rxd5 36. Rxd5 Qf6 37. Qd4 Qxd4 38. Rxd4 g5 39. Ng6 h3+
40. Kh2 Re8 41. Ne7+ Rxe7 42. Rd8+ Kf7 43. Rxc8 Re2+ 44. Kxh3 Rxa2 45. Kg4 Ra3
46. Rb8 Ra5 47. b4 Rd5 48. b5 Kg6 49. Rg8+ Kf6 50. b6 Rb5 51. b7 Rxb7 52. Rxg5
Rb4+ 53. f4 Kf7 54. Ra5 Rb3 55. Ra6 Kg7 56. f5 Rc3 57. Kf4 Kf7 58. g4 Rc4+ 59.
Kg5 Rc8 60. Ra7+ Kg8 61. Kg6 Kh8 62. g5 Rg8+ 63. Kh6 Rf8 64. f6 Kg8 65. Kg6 Kh8
66. Rh7+ 1-0

[Event "IND-ch U15"]
[Site "New Delhi"]
[Date "2010.09.06"]
[Round "4"]
[White "Sidhant, Mohapatra"]
[Black "Girish, A Koushnik"]
[Result "0-1"]
[WhiteElo "2125"]
[BlackElo "2342"]
[PlyCount "128"]
[EventDate "2010.09.04"]
[EventType "swiss"]
[EventRounds "11"]
[EventCountry "IND"]
[SourceTitle "CBM 138 Extra"]
[Source "ChessBase"]
[SourceDate "2010.10.29"]
[SourceVersion "1"]
[SourceVersionDate "2010.10.29"]
[SourceQuality "1"]

1. d4 d5 2. Nc3 Bf5 3. f3 e6 4. e4 Bg6 5. Bd3 Nc6 6. Be3 Bb4 7. e5 Nge7 8. Nge2
Nf5 9. Bf2 Ba5 10. Qd2 Nb4 11. Nf4 Nxd3+ 12. Nxd3 Bb6 13. Ne2 Qd7 14. c3 a6 15.
Nef4 Ne7 16. h4 O-O-O 17. Nxg6 hxg6 18. a4 f6 19. b4 Rdf8 20. a5 Ba7 21. Qe2 g5
22. O-O-O gxh4 23. Bxh4 Ng6 24. Bg3 f5 25. Kb2 Rxh1 26. Rxh1 Qe7 27. f4 Qf7 28.
Be1 Rh8 29. Rxh8+ Nxh8 30. Bh4 Qg6 31. Be7 Nf7 32. Bc5 b6 33. Nc1 Kb7 34. Be7
Qh6 35. Qf1 Qh2 36. Nb3 Nh6 37. b5 Ng4 38. bxa6+ Kc6 39. Qf3 Qg1 40. axb6 cxb6
41. Nd2 Qe1 42. Kc2 b5 43. Bc5 Bxc5 44. dxc5 Ne3+ 45. Kd3 Nc4 46. Nxc4 bxc4+
47. Kc2 Kxc5 48. a7 Qa1 49. Qe3+ Kc6 50. Qd4 Qa5 51. Qe3 g6 52. Qg3 Qxa7 53.
Qxg6 Qf2+ 54. Kb1 Qe1+ 55. Kc2 Qe2+ 56. Kb1 Qd1+ 57. Kb2 Qb3+ 58. Kc1 Qxc3+ 59.
Kb1 Qe1+ 60. Ka2 Qd2+ 61. Kb1 c3 62. Qxe6+ Kc5 63. Qc8+ Kd4 64. e6 Qb2# 0-1

[Event "IND-ch U15"]
[Site "New Delhi"]
[Date "2010.09.07"]
[Round "5"]
[White "Girish, A Koushnik"]
[Black "G, Akash"]
[Result "1-0"]
[WhiteElo "2342"]
[BlackElo "2213"]
[PlyCount "93"]
[EventDate "2010.09.04"]
[EventType "swiss"]
[EventRounds "11"]
[EventCountry "IND"]
[SourceTitle "CBM 138 Extra"]
[Source "ChessBase"]
[SourceDate "2010.10.29"]
[SourceVersion "1"]
[SourceVersionDate "2010.10.29"]
[SourceQuality "1"]

1. d4 Nf6 2. Bg5 Ne4 3. Bf4 c5 4. f3 Qa5+ 5. c3 Nf6 6. d5 Qb6 7. Bc1 e6 8. e4
exd5 9. exd5 d6 10. c4 g6 11. Qe2+ Kd8 12. Qc2 Bg7 13. Bd3 Re8+ 14. Ne2 Na6 15.
a3 Ke7 16. O-O Kf8 17. Kh1 Qd8 18. Nbc3 Nc7 19. Ng3 Kg8 20. Bf4 b5 21. Rad1
bxc4 22. Bxc4 Rb8 23. b3 a6 24. a4 h6 25. Qc1 g5 26. Bd2 Qd7 27. Nce4 Nh7 28.
Nh5 f5 29. Nxg7 Kxg7 30. Bc3+ Kg6 31. Ng3 Qf7 32. Bb2 h5 33. Qc3 h4 34. Ne4
fxe4 35. fxe4 Qg8 36. e5 Rxe5 37. Qa5 Ne8 38. Bxe5 dxe5 39. d6 Be6 40. Bxe6
Qxe6 41. d7 Nef6 42. d8=Q Rxd8 43. Qxd8 e4 44. Rd6 Qe5 45. Qg8+ Kh6 46. Re6 Qc3
47. Qf7 1-0

[Event "IND-ch U15"]
[Site "New Delhi"]
[Date "2010.09.07"]
[Round "6"]
[White "Grover, Sahaj"]
[Black "Girish, A Koushnik"]
[Result "1-0"]
[WhiteElo "2420"]
[BlackElo "2342"]
[PlyCount "75"]
[EventDate "2010.09.04"]
[EventType "swiss"]
[EventRounds "11"]
[EventCountry "IND"]
[SourceTitle "CBM 138 Extra"]
[Source "ChessBase"]
[SourceDate "2010.10.29"]
[SourceVersion "1"]
[SourceVersionDate "2010.10.29"]
[SourceQuality "1"]

1. e4 Nc6 2. Nf3 d6 3. d4 Nf6 4. Nc3 Bg4 5. Be3 e6 6. h3 Bh5 7. Bd3 Be7 8. Qd2
Bg6 9. d5 exd5 10. exd5 Nb4 11. Bxg6 hxg6 12. a3 Na6 13. Qd3 Qd7 14. O-O-O O-O
15. Rhe1 Nc5 16. Qc4 a6 17. g4 b5 18. Qe2 Nb7 19. Nd4 Rfe8 20. Qf3 Na5 21. Nc6
Nc4 22. Bd4 Nh7 23. Ne4 Ng5 24. Qf4 Nxe4 25. Rxe4 Bf8 26. Rde1 a5 27. h4 a4 28.
h5 gxh5 29. gxh5 Qh3 30. Rg1 Rxe4 31. Qxe4 Qh2 32. Ne7+ Bxe7 33. Rxg7+ Kf8 34.
Rxf7+ Kxf7 35. Qg6+ Kf8 36. Bg7+ Kg8 37. Bh6+ Kh8 38. Qg7# 1-0